[Event "Pan American Intercollegiate-chT"]
[Site "Chess.com INT"]
[Date "2021.01.06"]
[Round "8"]
[White "Matura, Max"]
[Black "Kulkarni, Pranav"]
[Result "1-0"]
[WhiteElo "1618"]
[BlackElo "1815"]
[PlyCount "163"]
[EventDate "2021.01.04"]
[EventType "team-swiss (rapid)"]
[EventRounds "9"]
[EventCountry "USA"]
[SourceTitle "CBM 200 Extra"]
[Source "ChessBase"]
[SourceDate "2021.03.31"]
[SourceVersion "1"]
[SourceVersionDate "2021.03.31"]
[SourceQuality "1"]
[WhiteTeam "St Louis Univ III"]
[BlackTeam "Caltech III"]
[WhiteTeamCountry "USA"]
[BlackTeamCountry "USA"]

1. e4 e5 2. Nf3 Nf6 3. Nc3 Nc6 4. Bc4 Bc5 5. 0-0 0-0 6. a3 a5 7. d3 h6 8. Be3 Bxe3 9. fxe3 d6 10. d4 exd4 11. exd4 Bg4 12. Qd3 Qd7 13. Bb5 Qe7 14. Rae1 Nd7 15. Nd5 Qd8 16. h3 Bh5 17. Qc3 Ndb8 18. Nd2 f6 19. Re3 Bf7 20. Rg3 Bxd5 21. exd5 Ne7 22. Qe3 Kh8 23. Bd3 f5 24. Qe6 Qd7 25. Re3 Qxe6 26. dxe6 Nbc6 27. c3 Rf6 28. Bb5 Raf8 29. Nf3 Nd8 30. Bd7 g5 31. c4 f4 32. Re2 Kg7 33. d5 c6 34. Nd4 Rh8 35. c5 dxc5 36. d6 Nd5 37. Nb3 Ne3 38. Nxc5 Nxe6 39. Nxe6+ Kf7 40. Rc1 Rxe6 41. Bxe6+ Kxe6 42. Rd2 Rd8 43. Rc5 Nd5 44. Rxa5 Rxd6 45. Ra8 Kf7 46. Rh8 Kg7 47. Rb8 Rd7 48. b4 Re7 49. Rd8 Kf7 50. b5 Kg6 51. bxc6 bxc6 52. Rd6+ Kf7 53. Rxc6 Ne3 54. Rxh6 Ra7 55. Rh7+ Kg6 56. Rxa7 Nc4 57. Rc2 Ne3 58. Re2 Nc4 59. a4 Kf5 60. a5 Nd6 61. a6 Nb5 62. Rb7 Nd6 63. Reb2 Nc8 64. a7 Nxa7 65. Rxa7 Ke4 66. Kf2 Kf5 67. Rb4 Kg6 68. Kf3 Kh5 69. Rh7+ Kg6 70. Rbb7 Kf6 71. Kg4 Kg6 72. Rbg7+ Kf6 73. h4 Ke5 74. Rxg5+ Ke4 75. Rf5 Ke3 76. Rxf4 Ke2 77. Re7+ Kd3 78. Rf8 Kc4 79. Rd8 Kb5 80. Rc7 Ka6 81. Rb8 Ka5 82. Ra7# 1-0